Normal view
MARC view
Entry Nombre corporativo
001 - NÚMERO DE CONTROL
- campo de control: 87314
003 - IDENTIFICADOR DEL NÚMERO DE CONTROL
- campo de control: DO-SdBNP
005 - FECHA Y HORA DE LA ÚLTIMA TRANSACCIÓN
- campo de control: 20250402154506.0
008 - DATOS DE LONGITUD FIJA
- campo de control de longitud fija: 250402|| aca||aabn | a|a d
040 ## - FUENTE DE LA CATALOGACIÓN
- Centro catalogador/agencia de origen: DO-SdBNP
- Centro/agencia transcriptor: DO-SdBNP
110 ## - ENCABEZAMIENTO-NOMBRE DE ENTIDAD CORPORATIVA
- Nombre de entidad corporativa o nombre de jurisdicción como elemento de entrada: Viceministerio para las Comunidades Dominicanas en el Exterior
- Unidad subordinada: Ministerio de Relaciones Exteriores (MIREX)
670 ## - FUENTE DE DATOS ENCONTRADOS
- Cita de la fuente: Work cat.: (DO-SdBNP)58184: Matos Rodríguez, Silvia Anabel autora aut. 87312, Segundo concurso de escritura para los dominicanos en el exterior :
